[Event "Tournoi Skype 013B"]
[Site "Skype"]
[Date "????.??.??"]
[Round "4.5"]
[White "Ramirez Reina, Orlando"]
[Black "Cossalter, Maurizio"]
[Result "0-1"]
[WhiteElo "1475"]
[BlackElo "1382"]
[PlyCount "120"]

1. d4 d5 2. c4 e5 3. dxe5 d4 4. e3 Bb4+ 5. Bd2 dxe3 6. fxe3 Qh4+ 7. g3 Qe4 8.
Qf3 Bxd2+ 9. Nxd2 Qxe5 10. Qe4 Nc6 11. Qxe5+ Nxe5 12. Be2 Nf6 13. Ngf3 Nxf3+
14. Bxf3 Ng4 15. Bxg4 Bxg4 16. O-O Rd8 17. Nf3 O-O 18. Ne5 Bh3 19. Rfd1 f6 20.
Nd3 Rd7 21. Nf2 Rxd1+ 22. Rxd1 Bf5 23. e4 Bg6 24. Rd7 Rf7 25. Rd8+ Rf8 26. Rd7
Rf7 27. Rxf7 Kxf7 28. g4 Ke6 29. h4 Ke5 30. Kh2 Bxe4 31. Nxe4 Kxe4 32. Kg3 g6
33. g5 f5 34. b3 c5 35. a4 a6 36. Kf2 f4 37. Ke2 f3+ 38. Kf2 Kf4 39. Kf1 Kg3
40. Kg1 Kxh4 41. Kf2 Kg4 42. Kg1 Kxg5 43. Kf2 h5 44. Kxf3 Kh4 45. Ke4 g5 46.
Kd5 g4 47. Kxc5 g3 48. Kb6 g2 49. Kxb7 g1=Q 50. c5 Qb1 51. c6 Qxb3+ 52. Kc8 Qa3
53. c7 Qxa4 54. Kb8 Qc4 55. c8=Q Qxc8+ 56. Kxc8 Kg4 57. Kc7 h4 58. Kc6 h3 59.
Kb6 h2 60. Kxa6 h1=Q 0-1

[Event "Tournoi Skype 013B"]
[Site "Skype"]
[Date "????.??.??"]
[Round "4.6"]
[White "Ryan, Lea"]
[Black "Coruble, Didier"]
[Result "0-1"]
[WhiteElo "1438"]
[BlackElo "1355"]
[PlyCount "38"]

1. c4 e5 2. g3 Nc6 3. Bg2 Bc5 4. Nc3 Nf6 5. e4 O-O 6. Nge2 a6 7. O-O d6 8. b3
Bg4 9. h3 Bh5 10. Bb2 Nd4 11. d3 Nf3+ 12. Kh1 c6 13. g4 Bg6 14. Bxf3 h5 15.
gxh5 Nxh5 16. Bxh5 Bxh5 17. Qe1 Bf3+ 18. Kh2 Qh4 19. Ng1 Qf4# 0-1

[Event "Tournoi Skype 013B"]
[Site "Skype"]
[Date "????.??.??"]
[Round "4.7"]
[White "Capdeville, Jean"]
[Black "Kruzeniski, Randy"]
[Result "1/2-1/2"]
[WhiteElo "1384"]
[BlackElo "1437"]
[PlyCount "72"]

1. e4 e5 2. Nf3 d6 3. Bc4 h6 4. h3 Nf6 5. d3 Be7 6. a3 a6 7. O-O b5 8. Ba2 Bb7
9. Nc3 O-O 10. Qe2 Nbd7 11. Be3 c5 12. b4 cxb4 13. axb4 Qc7 14. Bd2 Nc5 15. Qe1
Rfd8 16. Rb1 Ne6 17. Bxe6 fxe6 18. Ra1 d5 19. exd5 exd5 20. Qxe5 Qxe5 21. Nxe5
Bxb4 22. Rfb1 Bd6 23. d4 b4 24. Ne2 a5 25. c3 Ne4 26. Be1 Ba6 27. Ra2 bxc3 28.
Nxc3 Nxc3 29. Bxc3 Rdc8 30. Bxa5 Rab8 31. Rxb8 Rxb8 32. Ra1 Be2 33. Bc3 Bb4 34.
Rb1 Bd6 35. Rxb8+ Bxb8 36. Nc6 Bd6 1/2-1/2

[Event "Tournoi Skype 013B"]
[Site "Skype"]
[Date "????.??.??"]
[Round "4.8"]
[White "Maneval, Dustin"]
[Black "Sauvaget, Joel"]
[Result "1-0"]
[WhiteElo "1436"]
[BlackElo "1344"]
[PlyCount "93"]

1. e4 c5 2. f4 e6 3. g3 h6 4. b3 Nf6 5. d3 Nc6 6. Bg2 Nd4 7. Ne2 Nxe2 8. Qxe2
Be7 9. Nc3 a6 10. O-O O-O 11. e5 Nh7 12. Ne4 d5 13. exd6 Bxd6 14. Nxd6 Qxd6 15.
Bb2 Rb8 16. Be5 Qd7 17. Bxb8 b6 18. Qe5 f6 19. Qd6 Qf7 20. Qxb6 Bd7 21. Bd6 Re8
22. Bxc5 e5 23. Bd5 Be6 24. c4 Bxd5 25. cxd5 Qxd5 26. d4 exd4 27. Bxd4 Rd8 28.
Bf2 Nf8 29. Qxa6 Re8 30. Qc4 Qxc4 31. bxc4 Nd7 32. c5 Rc8 33. Rfc1 Nb8 34. a4
Nc6 35. Rc4 Ra8 36. Re4 Ra5 37. Re8+ Kf7 38. Rc8 Ra6 39. Rb1 Ne7 40. Rc7 Ke6
41. Rbb7 Nd5 42. Rxg7 Rxa4 43. c6 Ra8 44. Rb5 Ne7 45. Rxe7+ Kxe7 46. c7 Kd6 47.
Rb8 1-0

8 *

[Event "Tournoi Skype 013B"]
[Site "Skype"]
[Date "????.??.??"]
[Round "4.9"]
[White "Martin, Jean-Claude"]
[Black "Talbot, Jacques"]
[Result "0-1"]
[WhiteElo "1375"]
[BlackElo "1436"]
[PlyCount "66"]

1. d4 d5 2. c4 e6 3. Nc3 Nf6 4. Nf3 c6 5. Bf4 Bd6 6. Bxd6 Qxd6 7. e3 Nbd7 8.
Bd3 dxc4 9. Bxc4 O-O 10. O-O Re8 11. a3 Nd5 12. Bxd5 exd5 13. Re1 Nf6 14. Qc2
Bg4 15. Nd2 Re7 16. h3 Bh5 17. Nf1 Bg6 18. Qe2 Rae8 19. Rac1 Nh5 20. g3 f5 21.
Qf3 Nf6 22. Red1 Bh5 23. Qxf5 Bxd1 24. Rxd1 Rf7 25. Qc2 Ne4 26. Nxe4 Rxe4 27.
Qc5 Qxc5 28. dxc5 a5 29. Rd4 Rxd4 30. exd4 Re7 31. Nd2 Re2 32. Nb3 a4 33. Nc1
Re1+ 0-1

[Event "Tournoi Skype 013B"]
[Site "Skype"]
[Date "????.??.??"]
[Round "4.10"]
[White "Gerbaux, Regis"]
[Black "Farthouat, Titoine"]
[Result "1-0"]
[WhiteElo "1421"]
[BlackElo "1211"]
[PlyCount "105"]

1. e4 e6 2. d4 d5 3. e5 f6 4. c4 c5 5. Be3 Qb6 6. Qb3 Qxb3 7. axb3 cxd4 8. Bxd4
Nc6 9. Nf3 Nb4 10. Na3 Nc6 11. Bd3 Bb4+ 12. Bc3 Bxc3+ 13. bxc3 Nxe5 14. Nxe5
fxe5 15. Nb5 Kd7 16. cxd5 exd5 17. Bf5+ Kd8 18. Nd6 Ke7 19. Nxc8+ Kf8 20. Rxa7
Rxa7 21. Nxa7 g6 22. Be6 Nf6 23. O-O Ke7 24. Bc8 d4 25. cxd4 exd4 26. Bxb7 Rb8
27. Nc6+ Kd7 28. Nxb8+ Kc7 29. Nc6 Kxb7 30. Nxd4 h5 31. Re1 h4 32. Re6 Nd5 33.
Rxg6 Nf4 34. Rg4 h3 35. Rxf4 hxg2 36. Kxg2 Kb6 37. Rf5 Ka6 38. h4 Kb6 39. h5
Ka6 40. h6 Kb6 41. h7 Ka6 42. h8=Q Kb6 43. Qc8 Ka7 44. Qb7+ Kxb7 45. Re5 Kb6
46. f4 Ka6 47. f5 Kb6 48. f6 Ka6 49. f7 Kb6 50. f8=Q Ka6 51. Qc8+ Kb6 52. Rb5+
Ka7 53. Qb7# 1-0

[Event "Tournoi Skype 013B"]
[Site "Skype"]
[Date "????.??.??"]
[Round "4.11"]
[White "Hargez, Dany"]
[Black "Cengiz, Cem"]
[Result "1-0"]
[WhiteElo "1418"]
[BlackElo "1242"]
[PlyCount "59"]

1. e4 e5 2. Nf3 Nc6 3. Bc4 h6 4. d4 Nxd4 5. Nxe5 Ne6 6. O-O d6 7. Bb5+ Ke7 8.
Nf3 c6 9. Bc4 Ke8 10. Nc3 Nf6 11. Re1 g6 12. Bxe6 Bxe6 13. Bf4 Qb6 14. b3 Ng4
15. Be3 Bg7 16. Bxb6 Bxc3 17. Bc7 Bxe1 18. Nxe1 b6 19. Qxd6 Nf6 20. Qxc6+ Ke7
21. Qd6+ Ke8 22. f3 Rc8 23. e5 Nd7 24. Rd1 Rh7 25. f4 f5 26. Qxe6+ Re7 27. Qd6
Nc5 28. Qxg6+ Rf7 29. Bd6 Rd8 30. Qg8+ 1-0

[Event "Tournoi Skype 013B"]
[Site "Skype"]
[Date "????.??.??"]
[Round "4.12"]
[White "Vincent, Andre"]
[Black "Mantelli, Luca"]
[Result "0-1"]
[WhiteElo "1343"]
[BlackElo "1399"]
[PlyCount "82"]

1. Nf3 d5 2. d4 c5 3. e3 e6 4. c4 cxd4 5. exd4 Nf6 6. a3 Be7 7. Nc3 O-O 8. Qc2
b6 9. Be2 Bb7 10. cxd5 exd5 11. O-O Qc7 12. Bd2 Nbd7 13. Bd3 Rfe8 14. Rae1 Rac8
15. Bf5 g6 16. Bd3 Bf8 17. Qb3 Qc6 18. Bf4 a6 19. Re3 Rxe3 20. fxe3 Re8 21. Re1
Ne4 22. Qc2 Nxc3 23. Qxc3 Qxc3 24. bxc3 Bxa3 25. Rb1 b5 26. Kf2 Nf6 27. Ng5
Ne4+ 28. Nxe4 dxe4 29. Be2 f5 30. Rb3 Bf8 31. h4 h6 32. Bc4+ Kg7 33. Be5+ Kh7
34. Bf7 Re7 35. Bc4 bxc4 36. Rb6 Bg7 37. Bxg7 Kxg7 38. Kg3 a5 39. Rb5 a4 40. d5
Rd7 41. d6 Bc6 0-1

[Event "Tournoi Skype 013B"]
[Site "Skype"]
[Date "????.??.??"]
[Round "4.13"]
[White "Porcabeuf, Jean-Marc"]
[Black "Vitale, Maxi"]
[Result "1/2-1/2"]
[WhiteElo "1332"]
[BlackElo "1399"]
[PlyCount "63"]

1. Nf3 Nc6 2. d4 d5 3. c4 dxc4 4. e4 Bg4 5. Bxc4 e6 6. O-O Nf6 7. Nc3 Bb4 8.
Nb5 a6 9. Nc3 O-O 10. Bf4 h6 11. e5 Nh5 12. Be3 Bxc3 13. bxc3 Qd7 14. Bd3 f6
15. h3 Bf5 16. Bxf5 exf5 17. exf6 Nxf6 18. Qd2 Ne4 19. Qc1 Qe7 20. Bf4 Rac8 21.
Rd1 g5 22. d5 Qc5 23. Be3 Qe7 24. dxc6 bxc6 25. h4 f4 26. Bxf4 gxf4 27. Rd4
Rcd8 28. Rxd8 Qxd8 29. Qc2 Qe7 30. Qb3+ Kg7 31. Qb4 Qxb4 32. cxb4 1/2-1/2

[Event "Tournoi Skype 013B"]
[Site "Skype"]
[Date "????.??.??"]
[Round "4.14"]
[White "Gharbi, Said"]
[Black "Milanese, Serge"]
[Result "1-0"]
[WhiteElo "1322"]
[BlackElo "1396"]
[PlyCount "60"]

1. e4 e5 2. d4 d6 3. dxe5 dxe5 4. Qxd8+ Kxd8 5. Nf3 Nc6 6. Bc4 Ke8 7. Ng5 Be6
8. Bxe6 fxe6 9. Nxe6 Nd4 10. Nxd4 exd4 11. O-O Rd8 12. Bf4 Rd7 13. Re1 Bc5 14.
e5 Kf7 15. e6+ Ke7 16. exd7+ Kxd7 17. Be5 h5 18. Bxg7 Rh7 19. Be5 Rf7 20. Bg3
Nh6 21. Nd2 Nf5 22. Ne4 Bb4 23. c3 dxc3 24. Rad1+ Kc6 25. Nxc3 h4 26. Re6+ Nd6
27. Bxh4 Bc5 28. Ne4 Rf4 29. Nxd6 Rxh4 30. Nf5+ Bd6 1-0

[Event "Tournoi Skype 013B"]
[Site "Skype"]
[Date "????.??.??"]
[Round "4.15"]
[White "Raheja, Shiv"]
[Black "Amato, Ludovica"]
[Result "1-0"]
[WhiteElo "1395"]
[BlackElo "1199"]
[PlyCount "47"]

1. e4 d6 2. Nf3 Nf6 3. Nc3 g6 4. Bc4 Bg7 5. Ng5 O-O 6. d3 e6 7. Be3 d5 8. exd5
exd5 9. Bb3 Re8 10. Ne2 Nc6 11. Bf4 Bg4 12. f3 Bh5 13. O-O Qc8 14. c3 Re7 15.
Ng3 Bxf3 16. Qxf3 Qd7 17. Rad1 Rd8 18. Nh3 Qe6 19. Bg5 Ne5 20. Qf2 Rd6 21. Qxa7
b6 22. Qb8+ Bf8 23. Bh6 Nfg4 24. Qxf8# 1-0

[Event "Tournoi Skype 013B"]
[Site "Skype"]
[Date "????.??.??"]
[Round "4.16"]
[White "Picard, Mario"]
[Black "Khatanhar, Mohit"]
[Result "1/2-1/2"]
[WhiteElo "1309"]
[BlackElo "1392"]
[PlyCount "35"]

1. d4 d5 2. c4 dxc4 3. Qa4+ Nc6 4. e3 Bd7 5. Qxc4 Be6 6. Qc2 Qd7 7. Nc3 Nf6 8.
Nf3 Bf5 9. Qb3 Qc8 10. Bc4 Na5 11. Bxf7+ Kd8 12. Qb5 Nc6 13. Nd5 Nxd5 14. Qxd5+
Bd7 15. O-O e6 16. Bxe6 Bd6 17. Bf7 Ne7 18. Qg5 1/2-1/2

[Event "Tournoi Skype 013B"]
[Site "Skype"]
[Date "????.??.??"]
[Round "4.17"]
[White "Battaglia, Gabriele"]
[Black "Gieschen, Mike"]
[Result "0-1"]
[WhiteElo "1246"]
[BlackElo "1466"]
[PlyCount "72"]

1. d4 e6 2. Nf3 Nf6 3. e3 d5 4. Bd3 c5 5. c3 c4 6. Bc2 Be7 7. O-O O-O 8. Nbd2
Nbd7 9. Re1 b5 10. e4 dxe4 11. Nxe4 Bb7 12. Bg5 Bxe4 13. Bxe4 Nxe4 14. Bxe7
Qxe7 15. Rxe4 f5 16. Re1 Qf6 17. Ne5 Nxe5 18. Rxe5 a6 19. a3 g5 20. g3 Kf7 21.
Qh5+ Qg6 22. Qxg6+ hxg6 23. Rae1 Rae8 24. Kg2 g4 25. Rc5 Rh8 26. Rc6 a5 27. Rb6
Rh3 28. Rxb5 Reh8 29. Rh1 g5 30. Rxa5 Kf6 31. Re5 f4 32. d5 Kxe5 33. f3 fxg3
34. Re1+ Kxd5 35. hxg3 Rh2+ 36. Kf1 gxf3 0-1

[Event "Tournoi Skype 013B"]
[Site "Skype"]
[Date "????.??.??"]
[Round "4.18"]
[White "Altinkayik, Okan"]
[Black "Bilsel, Sebahittin"]
[Result "1/2-1/2"]
[WhiteElo "1399"]
[BlackElo "1150"]
[PlyCount "57"]

1. c4 e5 2. e4 Nf6 3. Nc3 Bb4 4. Qb3 Nc6 5. Nf3 Bxc3 6. Qxc3 Nxe4 7. Qe3 Nf6 8.
Nxe5 Qe7 9. Nxc6 Qxe3+ 10. dxe3 bxc6 11. Bd3 O-O 12. O-O d5 13. b3 Re8 14. Bb2
Nh5 15. Be2 g6 16. Bxh5 gxh5 17. Rad1 Ba6 18. Rd4 Rab8 19. Rc1 dxc4 20. Ba1
cxb3 21. axb3 c5 22. Ra4 Rb6 23. Rxc5 Rxb3 24. h4 Rb1+ 25. Kh2 Rb5 26. Rxb5
Bxb5 27. Rxa7 Rc8 28. Ra5 c6 29. Bf6 1/2-1/2

[Event "Tournoi Skype 013B"]
[Site "Skype"]
[Date "????.??.??"]
[Round "4.19"]
[White "Bustos, Ricardo"]
[Black "Paquay, Renaud"]
[Result "1-0"]
[WhiteElo "1399"]
[BlackElo "1177"]
[PlyCount "47"]

1. d4 d5 2. c4 dxc4 3. Nc3 Nf6 4. Bg5 e6 5. e3 Be7 6. Bxc4 O-O 7. Nf3 Nbd7 8.
O-O h6 9. Bh4 Re8 10. Re1 b6 11. d5 e5 12. e4 Bb7 13. a3 Rc8 14. b4 c6 15. Bg3
Bd6 16. dxc6 Rxc6 17. Qb3 Kh7 18. Bxf7 Kh8 19. Bxe8 Qxe8 20. b5 Rc8 21. Rac1
Nc5 22. Qb1 Qg6 23. Nd5 Nd3 24. Qxd3 1-0

[Event "Tournoi Skype 013B"]
[Site "Skype"]
[Date "????.??.??"]
[Round "4.20"]
[White "Alverson, Ginny"]
[Black "Douichi, Mohammed"]
[Result "0-1"]
[WhiteElo "1222"]
[BlackElo "1399"]
[PlyCount "54"]

1. Nf3 d6 2. d4 Nh6 3. e3 e6 4. Bd3 Qf6 5. O-O Ng4 6. h3 Nh6 7. Nc3 d5 8. Bb5+
Nd7 9. e4 Bd6 10. Bg5 Qg6 11. e5 f6 12. exd6 fxg5 13. dxc7 a6 14. Bd3 Qf6 15.
Re1 g4 16. Ng5 Qxg5 17. Rxe6+ Kf7 18. Ne4 dxe4 19. Bxe4 Kxe6 20. d5+ Ke5 21.
Qd3 Nc5 22. Qc4 gxh3 23. Qxc5 Kxe4 24. Re1+ Kf5 25. d6+ Kg6 26. Re6+ Kh5 27.
Qc3 Qxg2# 0-1

[Event "Tournoi Skype 013B"]
[Site "Skype"]
[Date "????.??.??"]
[Round "4.21"]
[White "Kayali, Furkan"]
[Black "Lecluyse, Koenraad"]
[Result "1-0"]
[WhiteElo "1399"]
[BlackElo "1173"]
[PlyCount "95"]

1. d4 d5 2. c4 Nf6 3. c5 c6 4. Bf4 Nbd7 5. e3 e6 6. Bd3 Be7 7. Nc3 O-O 8. Nh3
Ne4 9. Nxe4 dxe4 10. Bxe4 Nf6 11. Bf3 Qa5+ 12. Qd2 Qxd2+ 13. Kxd2 Bd8 14. Bg5
Ba5+ 15. Ke2 Nd5 16. Bxd5 exd5 17. Be7 Re8 18. Bd6 Bg4+ 19. f3 Bxh3 20. gxh3 f5
21. Rhg1 b6 22. Be5 g6 23. Rac1 bxc5 24. Rxc5 Bb6 25. Rxc6 Kf7 26. Rf6+ Kg7 27.
Rxb6+ Kf7 28. Rf6+ Kg7 29. Rxf5+ Kh6 30. Bf4+ Kg7 31. Rxd5 Rac8 32. Be5+ Kh6
33. Kd3 Re6 34. Rd7 a5 35. Ra7 Rb6 36. b3 Rb4 37. Rxa5 Rc6 38. Bf4+ Kg7 39.
Ra7+ Kf8 40. Bh6+ Ke8 41. Ra8+ Kd7 42. Ra7+ Ke8 43. Rxh7 Ra6 44. Rh8+ Kf7 45.
Rh7+ Ke8 46. Rh8+ Kf7 47. Rf8+ Ke6 48. Rxg6+ 1-0

[Event "Tournoi Skype 013B"]
[Site "Skype"]
[Date "????.??.??"]
[Round "4.22"]
[White "Mazzei, Lucrezia"]
[Black "Lemoine, Gerard"]
[Result "0-1"]
[WhiteElo "1399"]
[BlackElo "1077"]
[PlyCount "52"]

1. Nf3 d5 2. g3 e6 3. Bg2 Nf6 4. O-O Be7 5. Ne5 Nfd7 6. d4 c5 7. dxc5 Nxe5 8.
Nd2 Bxc5 9. b3 a5 10. Bb2 Nbc6 11. Bxe5 Nxe5 12. c3 b6 13. Qc2 Bb7 14. Nf3
Nxf3+ 15. Bxf3 Ba6 16. Rad1 Rc8 17. a3 Be7 18. b4 Bf6 19. bxa5 Bxc3 20. Qxc3
Rxc3 21. a4 bxa5 22. e4 Rxf3 23. exd5 Bd3 24. Rd2 Bxf1 25. Kxf1 Qb6 26. Rd1
Qxf2# 0-1

[Event "Tournoi Skype 013B"]
[Site "Skype"]
[Date "????.??.??"]
[Round "4.23"]
[White "Ruiz Gomez, Luz Alba"]
[Black "Rugman, Dan"]
[Result "1/2-1/2"]
[WhiteElo "1193"]
[BlackElo "1367"]
[PlyCount "138"]

1. e4 c5 2. Nf3 d6 3. d4 cxd4 4. Nxd4 Nf6 5. Nc3 a6 6. Bc4 e6 7. O-O Bd7 8. Bg5
Be7 9. Re1 O-O 10. Qd2 b5 11. Bb3 b4 12. Nd1 Nxe4 13. Rxe4 Bxg5 14. Qxb4 Nc6
15. Qe1 Nxd4 16. Rxd4 d5 17. f4 Qb6 18. Qf2 Bf6 19. Rd3 Qxf2+ 20. Kxf2 Rfc8 21.
c3 Bb5 22. Rh3 d4 23. Bc2 h6 24. Be4 Bc6 25. Bd3 a5 26. Kg1 Rab8 27. Rb1 dxc3
28. Nxc3 Bxc3 29. bxc3 Rxb1+ 30. Bxb1 Rb8 31. Bd3 Rb2 32. Rg3 Rxa2 33. h4 Rb2
34. c4 a4 35. Bc2 Rxc2 36. c5 Rxc5 37. Ra3 Rc4 38. g3 h5 39. Kh2 f5 40. Kh3 e5
41. fxe5 Re4 42. Rc3 Bd7 43. Rc7 a3 44. Rxd7 a2 45. Ra7 Re2 46. e6 Kf8 47. e7+
Ke8 48. Ra8+ Kf7 49. e8=Q+ Rxe8 50. Rxa2 Re4 51. Rf2 Kf6 52. Rf1 g5 53. Rf2 f4
54. gxf4 Rxf4 55. Rxf4+ gxf4 56. Kg2 Kf5 57. Kf3 Ke5 58. Kf2 Ke4 59. Ke2 f3+
60. Kf2 Kf4 61. Kf1 Kg4 62. Kf2 Kxh4 63. Kxf3 Kh3 64. Kf2 Kh2 65. Kf1 h4 66.
Kf2 h3 67. Kf1 Kg3 68. Kg1 h2+ 69. Kh1 Kh3 1/2-1/2

[Event "Tournoi Skype 013B"]
[Site "Skype"]
[Date "????.??.??"]
[Round "4.24"]
[White "Talbot, Jean"]
[Black "Yeter, Orhan"]
[Result "0-1"]
[WhiteElo "1009"]
[BlackElo "1343"]
[PlyCount "78"]

1. e4 e5 2. Nf3 Nc6 3. Bc4 Nf6 4. d3 Bc5 5. O-O d6 6. Be3 b6 7. Re1 O-O 8. Nc3
Nd4 9. Nd5 Bg4 10. h3 Bxf3 11. gxf3 c6 12. Nc3 b5 13. Bb3 Nxb3 14. cxb3 Bxe3
15. Rxe3 d5 16. exd5 Nxd5 17. Rxe5 Nf4 18. Kh2 Qh4 19. Qf1 Rad8 20. Rd1 Rxd3
21. Rxd3 Nxd3 22. Qxd3 Qxf2+ 23. Kh1 Qxb2 24. Re2 Qc1+ 25. Kg2 b4 26. Ne4 f5
27. Nd6 Qg5+ 28. Kh2 a5 29. Qe3 Qxe3 30. Rxe3 g5 31. Kg3 f4+ 32. Kf2 fxe3+ 33.
Kxe3 Rf6 34. Ne4 Re6 35. f4 gxf4+ 36. Kxf4 Rh6 37. Kg4 Rg6+ 38. Kf5 Rg2 39. a4
bxa3 0-1

[Event "Tournoi Skype 013B"]
[Site "Skype"]
[Date "????.??.??"]
[Round "4.25"]
[White "Armingaud, Jean-Claude"]
[Black "Ouellet, Emile"]
[Result "0-1"]
[WhiteElo "1150"]
[BlackElo "1314"]
[PlyCount "20"]

1. e4 e5 2. Nf3 d6 3. Bc4 Be7 4. d3 Bg4 5. h3 Bxf3 6. Qxf3 Nf6 7. O-O O-O 8.
Qg3 Qd7 9. Bh6 Nh5 10. Bd5 Nxg3 0-1

[Event "Tournoi Skype 013B"]
[Site "Skype"]
[Date "????.??.??"]
[Round "4.26"]
[White "Prasad, Sanjay"]
[Black "Coude, Josue"]
[Result "1-0"]
[WhiteElo "1312"]
[BlackElo "1066"]
[PlyCount "77"]

1. c4 e5 2. e4 Nf6 3. d3 Bc5 4. Be2 d6 5. Nc3 Bg4 6. h3 Be6 7. Nd5 O-O 8. Be3
Na6 9. Nxf6+ Qxf6 10. Bxc5 Nxc5 11. Nf3 b6 12. O-O Qg6 13. Nh4 Qg5 14. Nf5 Rfe8
15. Bg4 g6 16. Ne3 f5 17. exf5 gxf5 18. Bf3 Rab8 19. Bd5 Bxd5 20. Nxd5 Rbc8 21.
Qc1 Qg6 22. Qd2 e4 23. d4 Nd3 24. Nf4 Nxf4 25. Qxf4 a5 26. a4 Re7 27. Rae1 Rce8
28. d5 Rg7 29. g3 Rge7 30. Re3 Re5 31. f3 exf3 32. Rfxf3 Rxe3 33. Rxe3 Rxe3 34.
Qxe3 h5 35. Kh2 c5 36. dxc6 Qh7 37. Qe8+ Kg7 38. Qd7+ Kf6 39. Qxh7 1-0

[Event "Tournoi Skype 013B"]
[Site "Skype"]
[Date "????.??.??"]
[Round "4.27"]
[White "Letourneau, Judith"]
[Black "Vello, Pablo"]
[Result "0-1"]
[WhiteElo "1000"]
[BlackElo "1279"]
[PlyCount "50"]

1. e4 c5 2. Nf3 d6 3. Nc3 e5 4. d3 Nf6 5. Bg5 Be7 6. d4 cxd4 7. Be2 dxc3 8.
bxc3 Nxe4 9. Bd3 Nxg5 10. Nxg5 Bxg5 11. O-O O-O 12. Rb1 Qa5 13. a3 Qxc3 14. Rc1
Bxc1 15. Qxc1 Nd7 16. Bf5 Nf6 17. Be4 Nxe4 18. f3 Qd4+ 19. Kh1 Nf2+ 20. Rxf2
Qxf2 21. h3 Be6 22. c4 Rac8 23. Qd1 Rxc4 24. a4 Rc2 25. h4 Qxg2# 0-1

[Event "Tournoi Skype 013B"]
[Site "Skype"]
[Date "????.??.??"]
[Round "4.28"]
[White "Vervoort, Jean-Louis"]
[Black "Pedneault, Anne-Frederique"]
[Result "1-0"]
[WhiteElo "1262"]
[BlackElo "1038"]
[PlyCount "81"]

1. d4 d5 2. c4 e6 3. Nc3 Nf6 4. a3 Bd7 5. Bg5 h6 6. Bh4 Be7 7. h3 g5 8. Bg3 Nh5
9. Qd3 Nxg3 10. Qxg3 Nc6 11. Nf3 Bd6 12. Qg4 Qe7 13. e3 f5 14. Qh5+ Qf7 15.
Qxf7+ Kxf7 16. Be2 g4 17. hxg4 fxg4 18. Nh4 h5 19. O-O e5 20. Rfe1 exd4 21.
exd4 Nxd4 22. Rac1 Rae8 23. Bd3 Rxe1+ 24. Rxe1 g3 25. Bg6+ Kf6 26. fxg3 Bxg3
27. Rf1+ Kg5 28. Nf5 Bxf5 29. Bxf5 Nxf5 30. Nxd5 h4 31. Rd1 Kg4 32. Nxc7 h3 33.
b4 h2+ 34. Kh1 Re8 35. Nxe8 Ne3 36. Rd4+ Kg5 37. Rd7 Ng4 38. Rg7+ Kf4 39. Rf7+
Ke3 40. Rf3+ Ke2 41. Rxg3 1-0

[Event "Tournoi Skype 013B"]
[Site "Skype"]
[Date "????.??.??"]
[Round "4.29"]
[White "Melin, Christiane"]
[Black "Marty, Yvette"]
[Result "1-0"]
[WhiteElo "1236"]
[BlackElo "1000"]
[PlyCount "97"]

1. e4 c6 2. d4 d5 3. Nc3 Nf6 4. e5 Nfd7 5. Nf3 e6 6. Bg5 f6 7. Bh4 Bb4 8. Bd3
Bxc3+ 9. bxc3 O-O 10. O-O b5 11. Ng5 Nb6 12. f4 Na4 13. Qd2 h6 14. Rab1 fxg5
15. fxg5 Nd7 16. Rb4 Nab6 17. g3 Rxf1+ 18. Kxf1 Qf8+ 19. Ke2 Qf7 20. Rb1 Bb7
21. Rf1 Nc4 22. Bxc4 dxc4 23. Rxf7 Kxf7 24. gxh6 gxh6 25. Qxh6 Rg8 26. Qh7+ Rg7
27. Qh5+ Rg6 28. g4 Nf6 29. exf6 c5 30. Qh7+ Ke8 31. Qh8+ Kf7 32. Qh7+ Kf8 33.
Qxg6 Bd5 34. dxc5 e5 35. Qf7+ Kxf7 36. c6 Bxc6 37. g5 Be4 38. h3 Bxc2 39. Bg3
e4 40. h4 Bd3+ 41. Ke3 b4 42. cxb4 c3 43. Be1 c2 44. Bd2 a6 45. h5 Bc4 46. Kxe4
Bxa2 47. Kf5 Be6+ 48. Ke5 Bg4 49. g6+ 1-0

[Event "Tournoi Skype 013B"]
[Site "Skype"]
[Date "????.??.??"]
[Round "4.30"]
[White "Baker, Abi"]
[Black "Lequeux, Pierre"]
[Result "1-0"]
[WhiteElo "1118"]
[BlackElo "1232"]
[PlyCount "45"]

1. c4 e5 2. Nc3 Nf6 3. g3 Bc5 4. Bg2 Ng4 5. Nh3 b6 6. Bxa8 c6 7. e3 d6 8. a3 b5
9. cxb5 Nf6 10. bxc6 Bxh3 11. Qa4 O-O 12. b4 Bb6 13. Nb5 Bg2 14. c7 Bxc7 15.
Bxg2 Qd7 16. Qxa7 Nc6 17. Qxc7 Qe8 18. Bxc6 Qc8 19. Qxd6 Rd8 20. Qc7 Qxc7 21.
Nxc7 Rc8 22. Nd5 Rxc6 23. Ne7+ 1-0

[Event "Tournoi Skype 013B"]
[Site "Skype"]
[Date "????.??.??"]
[Round "4.32"]
[White "Kruk, Clementine"]
[Black "Farthouat, Catherine"]
[Result "0-1"]
[WhiteElo "1199"]
[BlackElo "1018"]
[PlyCount "52"]

1. e4 e5 2. Nf3 Nc6 3. Nc3 Nf6 4. Bc4 Bb4 5. a3 Bxc3 6. bxc3 O-O 7. d3 d6 8. h3
h6 9. Be3 b6 10. d4 Bb7 11. d5 Na5 12. Ba2 c5 13. Qd3 a6 14. c4 Re8 15. Rb1 b5
16. cxb5 Qd7 17. bxa6 Bxa6 18. Qc3 Nb7 19. Qb3 Nxe4 20. a4 Na5 21. Qb6 Qxa4 22.
Bb3 Nxb3 23. cxb3 Qa2 24. Nd2 Nxd2 25. Rd1 Nf3+ 26. gxf3 Qe2# 0-1

[Event "Tournoi Skype 013B"]
[Site "Skype"]
[Date "????.??.??"]
[Round "4.33"]
[White "Rival, Jocelyn"]
[Black "Pham Lan Huong, Huong"]
[Result "1-0"]
[WhiteElo "1071"]
[BlackElo "1199"]
[PlyCount "57"]

1. e4 e5 2. Nf3 Nc6 3. Bb5 a6 4. Ba4 b5 5. Bb3 d6 6. d3 Nf6 7. c3 Be7 8. d4
exd4 9. Nxd4 Nxd4 10. cxd4 Bg4 11. Qd3 O-O 12. Bc2 g6 13. e5 dxe5 14. dxe5 Nd7
15. O-O Bf5 16. Qf3 Bxc2 17. Na3 Bxa3 18. bxa3 Nxe5 19. Qc3 Bd3 20. Qxe5 Bxf1
21. Bb2 f6 22. Qe6+ Kh8 23. Qh3 Bc4 24. Qh4 Qd6 25. g4 Kg8 26. g5 fxg5 27. Qh3
Be6 28. Qc3 Rf6 29. Qxf6 1-0

[Event "Tournoi Skype 013B"]
[Site "Skype"]
[Date "????.??.??"]
[Round "4.34"]
[White "Gagnon, Sindy"]
[Black "Wible, Annie"]
[Result "1-0"]
[WhiteElo "1000"]
[BlackElo "1199"]
[PlyCount "89"]

1. d4 d5 2. Nf3 e6 3. e3 c5 4. Bd3 Nf6 5. O-O Be7 6. Nbd2 Nc6 7. c3 Qb6 8. Qc2
O-O 9. Re1 Bd7 10. e4 Rad8 11. exd5 Nxd5 12. Nc4 Qc7 13. b4 b6 14. dxc5 bxc5
15. a3 a6 16. Be3 cxb4 17. axb4 Ndxb4 18. cxb4 Nxb4 19. Qe2 a5 20. Nxa5 g6 21.
Bh6 Rfe8 22. Be4 Qc5 23. Nb3 Qc3 24. Ra5 Qxb3 25. Nh4 Ra8 26. Re5 Bd6 27. Rg5
f6 28. Rg3 f5 29. Rxb3 fxe4 30. f3 g5 31. Bxg5 Ra5 32. fxe4 Rxg5 33. Nf3 Bc5+
34. Kf1 h6 35. Nxg5 hxg5 36. Qh5 Rd8 37. Qxg5+ Kf7 38. Qxd8 Ba4 39. Rc3 Nc6 40.
Qd7+ Kg6 41. Qxe6+ Kg7 42. Rg3+ Kf8 43. Qc8+ Ke7 44. Rg7+ Kf6 45. Rg8 1-0

[Event "Tournoi Skype 013B"]
[Site "Skype"]
[Date "????.??.??"]
[Round "5.1"]
[White "De Coninck, Philippe"]
[Black "Yardimci, Ertan"]
[Result "1/2-1/2"]
[WhiteElo "1419"]
[BlackElo "1300"]
[PlyCount "113"]

1. e4 c6 2. Nf3 d5 3. exd5 cxd5 4. d4 e6 5. c4 Nf6 6. Bg5 Be7 7. Nc3 O-O 8. Qc2
Nbd7 9. Bd3 dxc4 10. Bxc4 h6 11. Bh4 Bd6 12. O-O Qc7 13. Nb5 Qb6 14. Nxd6 Qxd6
15. Bg3 Qb6 16. Bd3 Qa5 17. Rfe1 Nd5 18. a3 N7f6 19. Bh4 Bd7 20. Re5 Qa4 21.
Qxa4 Bxa4 22. Bc4 Bc6 23. Bxd5 Bxd5 24. Bxf6 gxf6 25. Re3 Rfc8 26. Rae1 Rc2 27.
R1e2 Rc1+ 28. Ne1 f5 29. f4 Kh7 30. Kf2 Rc4 31. Nf3 Bxf3 32. Kxf3 Rxd4 33. Rc2
Rd7 34. Rec3 Rad8 35. Ke3 Kg6 36. Rc7 Rd3+ 37. Ke2 Rb3 38. R2c3 Rxb2+ 39. Rc2
Rb3 40. Rd2 Rxd2+ 41. Kxd2 Rxa3 42. Rxb7 Ra4 43. Kc3 Rxf4 44. Rxa7 e5 45. Kd3
Rd4+ 46. Ke3 f4+ 47. Kf3 Kf5 48. Rxf7+ Kg5 49. Rg7+ Kf5 50. Rf7+ Kg6 51. Re7
Kf6 52. Rh7 Kg6 53. Re7 Kf5 54. g4+ fxg3 55. hxg3 Rd3+ 56. Kf2 Rd2+ 57. Kf3
1/2-1/2

[Event "Tournoi Skype 013B"]
[Site "Skype"]
[Date "????.??.??"]
[Round "5.2"]
[White "Duthoit, Bernard"]
[Black "Steenkamp, Brandt"]
[Result "1-0"]
[WhiteElo "1428"]
[BlackElo "1332"]
[PlyCount "69"]

1. e4 e5 2. Nf3 Nf6 3. d3 Nc6 4. Nc3 Bb4 5. Bd2 O-O 6. Be2 d5 7. exd5 Nxd5 8.
Nxd5 Bxd2+ 9. Qxd2 Qxd5 10. O-O Bd7 11. Rfe1 Rae8 12. c4 Qd6 13. Qc3 Re7 14.
Nd2 Nd4 15. Ne4 Qb6 16. b4 Ra8 17. a4 Qg6 18. Ng3 Rd8 19. Bh5 Qg5 20. Qc1 Qxc1
21. Raxc1 Bxa4 22. f4 Nc2 23. Rxe5 Rxe5 24. fxe5 Nxb4 25. Rb1 a5 26. Be2 Bc2
27. Ra1 b6 28. Ra3 Bxd3 29. Bxd3 Nxd3 30. Ne4 Nxe5 31. c5 Rd4 32. Re3 Ng4 33.
Re1 f5 34. Ng5 h6 35. Re8# 1-0